Geomorphology and soils of Sipaliwini Savanna, South Suriname /
Saved in:
| Main Author: | |
|---|---|
| Format: | Book |
| Language: | English |
| Published: |
Utrecht :
Geografisch Instituut Rijksuniversiteit,
1979.
|
| Series: | Utrechtse geografische studies ;
12. |
| Subjects: | |
| Tags: |
Add Tag
No Tags, Be the first to tag this record!
|
| LEADER | 00920nam a2200277 i 4500 | ||
|---|---|---|---|
| 001 | 001070299-7 | ||
| 005 | 20020606090541.3 | ||
| 008 | 820325s1979 ne abf b 00010 eng | ||
| 010 | |a 82460292 | ||
| 015 | |a Ne*** | ||
| 020 | |a 9062660142 | ||
| 035 | 0 | |a ocm08347018 | |
| 040 | |a DLC |c DLC |d m.c. | ||
| 043 | |a s-sr--- | ||
| 100 | 1 | |a Riezebos, Hans Theo, |d 1943- | |
| 245 | 1 | 0 | |a Geomorphology and soils of Sipaliwini Savanna, South Suriname / |c Hans Theo Riezebos. |
| 260 | 0 | |a Utrecht : |b Geografisch Instituut Rijksuniversiteit, |c 1979. | |
| 300 | |a 168 p., [4] leaves of plates : |b ill., maps (1 fold. in pocket) ; |c 25 cm. | ||
| 490 | 1 | |a Utrechtse geografische studies, |x 0376-4001 ; |v 12 | |
| 500 | |a "Vita": p. 168. | ||
| 504 | |a Bibliography: p. 119-123. | ||
| 650 | 0 | |a Savannas |z Suriname. | |
| 650 | 0 | |a Soils |z Suriname. | |
| 830 | 0 | |a Utrechtse geografische studies ; |v 12. |x 0376-4001 | |
| 988 | |a 20020608 | ||
| 906 | |0 DLC | ||


